Pět her / William Shakespeare ; Z angl. originálů přel. Alois Bejblík, [který také naps.] doslov, Břetislav Hodek a Milan Lukeš
Svazek, postihující tři základní autorovy dramatické žánry, přináší historickou hru , dvě komedie a dvě tragédie. Nové překlady předkládají čtenáři dramatav té podobě, v jaké je vnímali Shakespearovi současníci, tj. bez pozdějších úprav.
Record details
- Physical Description: 613, [3] s. ; 8°
- Edition: 1. vyd. v tomto souboru a v těchto překladech
- Publisher: Praha : Odeon, 1980
Content descriptions
| General Note: | Obálku s použitím barev. reprodukce části olejomalby Život a smrt Henryho Untona od neznámého autora a vazbu s použitím dobové kresby navrhl Milan Hegar 18000 výt. |
| Formatted Contents Note: | Richard III -- Sen svatojánské noci-- Večer tříkrálový čili Ať si to každý přebere, jak chce -- Hamlet, dánský princ -- Král Lear |
Search for related items by series
Available copies
- 1 of 1 copy available at Common Catalog SPOK.
Holds
- 0 current holds with 1 total copy.
Show Only Available Copies
| Location | Call Number / Copy Notes | Barcode | Shelving Location | Status | Due Date |
|---|---|---|---|---|---|
| Jabok Library | BL-1/Sh | 424480013636 | Beletrie | Available | - |
| LDR | 02195nam a22003851 4500 | ||
|---|---|---|---|
| 001 | 16188 | ||
| 003 | CZ-PrJAB | ||
| 005 | 20120119122035.0 | ||
| 008 | 951127s1980 xr cze | ||
| 015 | . | ‡acnb000156248 | |
| 035 | . | ‡a(CONS)16188 | |
| 035 | . | ‡a(CZ PrNK)bk198001493 | |
| 035 | . | ‡a(OCoLC)18432608 | |
| 040 | . | ‡aABA001 ‡bcze ‡cABA001 ‡dABA001 | |
| 041 | 1 | . | ‡acze ‡heng |
| 080 | . | ‡a820-21-22-24-821+92 Shakespeare, W. ‡2undef | |
| 100 | 1 | . | ‡aShakespeare, William, ‡d1564-1616 ‡7jn19981002129 ‡4aut |
| 245 | 1 | 0. | ‡aPět her / ‡cWilliam Shakespeare ; Z angl. originálů přel. Alois Bejblík, [který také naps.] doslov, Břetislav Hodek a Milan Lukeš |
| 250 | . | ‡a1. vyd. v tomto souboru a v těchto překladech | |
| 260 | . | ‡aPraha : ‡bOdeon, ‡c1980 ‡e(Čes. Těšín : ‡fTisk 3) | |
| 300 | . | ‡a613, [3] s. ; ‡c8° | |
| 490 | 1 | . | ‡aSvětová knihovna |
| 500 | . | ‡aObálku s použitím barev. reprodukce části olejomalby Život a smrt Henryho Untona od neznámého autora a vazbu s použitím dobové kresby navrhl Milan Hegar | |
| 500 | . | ‡a18000 výt. | |
| 505 | 0 | 0. | ‡tRichard III -- ‡tSen svatojánské noci-- ‡tVečer tříkrálový čili Ať si to každý přebere, jak chce -- ‡tHamlet, dánský princ -- ‡tKrál Lear |
| 520 | . | ‡aSvazek, postihující tři základní autorovy dramatické žánry, přináší historickou hru , dvě komedie a dvě tragédie. Nové překlady předkládají čtenáři dramatav té podobě, v jaké je vnímali Shakespearovi současníci, tj. bez pozdějších úprav. | |
| 700 | 1 | . | ‡aBejblík, Alois, ‡d1926-1990 ‡7jk01011396 ‡4trl |
| 700 | 1 | . | ‡aHodek, Břetislav, ‡d1924-2007 ‡7jk01041453 ‡4trl |
| 700 | 1 | . | ‡aLukeš, Milan, ‡d1933-2007 ‡7jk01072633 ‡4trl |
| 700 | 1 | 2. | ‡aShakespeare, William, ‡d1564-1616. ‡tKing Richard III. ‡lČesky ‡7aun2006373458 |
| 700 | 1 | 2. | ‡aShakespeare, William, ‡d1564-1616. ‡tMidsummer night's dream. ‡lČesky ‡7aun2006373448 |
| 700 | 1 | 2. | ‡aShakespeare, William, ‡d1564-1616. ‡tTwelfth night. ‡lČesky ‡7aun2007386307 |
| 700 | 1 | 2. | ‡aShakespeare, William, ‡d1564-1616. ‡tHamlet. ‡lČesky ‡7aun2006373422 |
| 700 | 1 | 2. | ‡aShakespeare, William, ‡d1564-1616. ‡tKing Lear. ‡lČesky ‡7aun2006373433 |
| 830 | 0. | ‡aSvětová knihovna | |
| 910 | . | ‡aABG312 | |
| 964 | . | ‡aShakespeare, William (1564-1616 dramatik angl.) : dílo - stati | |
| 998 | . | ‡a000156248 | |
| 901 | . | ‡a16188 ‡b ‡c16188 ‡tbiblio | |